| 000 | 01308nab a22002417a 4500 | ||
|---|---|---|---|
| 999 |
_c5735 _d5735 |
||
| 003 | OSt | ||
| 005 | 20260101192531.0 | ||
| 008 | 190514b xxu||||| |||| 00| 0 spa d | ||
| 040 | _cPJ | ||
| 100 |
_95064 _aFernández, María José |
||
| 245 | 1 | 3 |
_aDe planificaciones frustradas / _cMaría José Fernández. |
| 300 | _ap. 100-107 | ||
| 500 | _aCita: TR LALEY AR/DOC/3254/2024. | ||
| 505 | _aSumario: I. Plataforma fáctica.— II. La planificación sucesoria.— III. Partición por ascendientes (por donación) vs. simples donaciones.— IV. La porción legítima hereditaria. Formación de la masa para su cálculo.— V. La decisión del tribunal. Su análisis.— VI. Obligación de juzgar con perspectiva de género.— VII. Reflexiones finales. | ||
| 505 | _aFallo comentado: SC Mendoza, sala I ~ 05/08/2024 ~ Z., M. C. c. Z., J.A. y otros s/ acciones sucesorias s/ recurso extraordinario provincial. | ||
| 650 | 0 |
_9967 _aDERECHO DE FAMILIA |
|
| 650 | 0 |
_9888 _aSUCESIONES |
|
| 650 | 0 |
_94553 _aPARTICION DE LA HERENCIA |
|
| 650 | 0 |
_94044 _aPERSPECTIVA DE GÉNERO |
|
| 650 | 0 |
_91057 _aJURISPRUDENCIA APLICABLE |
|
| 773 | 0 |
_02844 _93222 _dBuenos Aires : AbeledoPerrot, 1989- _tDerecho de familia. Revista Interdisciplinaria de doctrina y jurisprudencia. Febrero 2025-I. _z18511201 |
|
| 942 |
_2udc _cANA |
||